[Event "FICS rated blitz game"]
[Site "FICS freechess.org"]
[Date "2018.01.09"]
[Round "?"]
[White "awitaliy"]
[Black "Kaonyx"]
[Result "1-0"]
[WhiteElo "1382"]
[BlackElo "1275"]
[PlyCount "55"]
[EventDate "2018.??.??"]
[EventType "blitz"]

1. e4 e5 2. Nf3 Nc6 3. c3 Bc5 4. h3 Nf6 5. Bd3 h6 6. O-O Qe7 7. Bc2 d5 8. d4
exd4 9. cxd4 Bb6 10. exd5 Nxd5 11. Re1 Be6 12. Nc3 O-O-O 13. Be4 Nxc3 14. bxc3
Qd6 15. a4 f5 16. Ba3 Qd7 17. Bxc6 Qxc6 18. Ne5 Qd5 19. Bb2 Qb3 20. Qc1 Rhe8
21. a5 Bxd4 22. cxd4 Rd5 23. a6 b6 24. Qc6 Kd8 25. Ba3 Bd7 26. Qa8+ Bc8 27.
Nc6+ Kd7 28. Rxe8 1-0

[Event "FICS rated blitz game"]
[Site "FICS freechess.org"]
[Date "2018.01.09"]
[Round "?"]
[White "BiH"]
[Black "frac"]
[Result "1-0"]
[WhiteElo "1629"]
[BlackElo "1653"]
[PlyCount "93"]
[EventDate "2018.??.??"]
[EventType "blitz"]

1. e4 e5 2. Nf3 Nc6 3. c3 d5 4. Qa4 f6 5. Bb5 Nge7 6. exd5 Qxd5 7. O-O e4 8.
Nd4 Bd7 9. Nxc6 Bxc6 10. c4 Bxb5 11. cxb5 Nf5 12. Nc3 Qd4 13. Qxd4 Nxd4 14.
Nxe4 O-O-O 15. a4 Bb4 16. Rd1 Rhe8 17. d3 Nb3 18. Rb1 Rxe4 19. Be3 Re6 20. d4
Nxd4 21. b3 Red6 22. Kf1 Nc2 23. Rxd6 Rxd6 24. Ke2 Nxe3 25. Kxe3 Bc5+ 26. Ke2
Re6+ 27. Kf3 g5 28. b4 Bd4 29. g4 b6 30. a5 Kd7 31. Rd1 Rd6 32. Rc1 Bb2 33. Rc2
Ba3 34. Rc4 h6 35. h3 Rd3+ 36. Kg2 Rb3 37. Rd4+ Kc8 38. axb6 axb6 39. Re4 Rxb4
40. Re6 Rf4 41. Re8+ Kd7 42. Rh8 Bc5 43. f3 Rb4 44. Rxh6 Rxb5 45. Rxf6 Be3 46.
Rg6 Rb2+ 47. Kf1 1-0

[Event "FICS rated blitz game"]
[Site "FICS freechess.org"]
[Date "2018.01.09"]
[Round "?"]
[White "jezebelben"]
[Black "JLDRUDRU"]
[Result "1-0"]
[WhiteElo "1423"]
[BlackElo "1056"]
[PlyCount "107"]
[EventDate "2018.??.??"]
[EventType "blitz"]

1. e4 e5 2. Nf3 Nc6 3. c3 d6 4. d4 Bg4 5. d5 Nb8 6. Be2 Nf6 7. O-O Be7 8. a3
O-O 9. Nbd2 Nbd7 10. h3 Bxf3 11. Bxf3 Nc5 12. b4 Nd3 13. Qc2 Nxc1 14. Raxc1 b6
15. Be2 c5 16. b5 a5 17. a4 h6 18. f4 Nh7 19. f5 f6 20. c4 Ng5 21. Bh5 Kh8 22.
Bg6 Nh7 23. h4 Ra7 24. Nf3 Ra8 25. Nh2 Ra7 26. Qe2 Ra8 27. Ng4 Rg8 28. Qe3 Bf8
29. Rf3 Qe7 30. Rcf1 Ra7 31. Nh2 Rc7 32. g4 Ra7 33. Rg3 Rb7 34. Nf3 Rc7 35. g5
Rb7 36. Rf2 Rc7 37. Rh2 Ra7 38. Bxh7 Kxh7 39. g6+ Kh8 40. h5 Qc7 41. Nh4 Be7
42. Rhg2 Rb7 43. Rg4 Ra7 44. Nf3 Rb7 45. Kf2 Qd8 46. Nh4 Rc7 47. R2g3 Ra7 48.
Rg1 Rc7 49. Nf3 Ra7 50. Nh2 Rc7 51. R4g2 Ra7 52. Ng4 Rc7 53. Nxh6 gxh6 54.
Qxh6# {Black checkmated} 1-0

[Event "FICS rated blitz game"]
[Site "FICS freechess.org"]
[Date "2018.01.09"]
[Round "?"]
[White "bukowskic"]
[Black "VOleg"]
[Result "0-1"]
[WhiteElo "1609"]
[BlackElo "1851"]
[PlyCount "108"]
[EventDate "2018.??.??"]
[EventType "blitz"]

1. e4 e5 2. c3 Nc6 3. Nf3 f5 4. exf5 Nf6 5. Bb5 e4 6. Bxc6 bxc6 7. Ng5 d5 8. d3
Bxf5 9. dxe4 Nxe4 10. Nxe4 Bxe4 11. f3 Bg6 12. Qe2+ Kd7 13. O-O Bc5+ 14. Kh1
Re8 15. Qd2 Qf6 16. Qg5 h6 17. Qxf6 gxf6 18. Bxh6 Rh8 19. Bf4 Bd6 20. Bxd6 cxd6
21. Nd2 a5 22. Rfe1 a4 23. a3 Rab8 24. b4 axb3 25. g4 b2 26. Ra2 b1=Q 27. Nxb1
Rxb1 28. Rae2 Rxe1+ 29. Rxe1 Re8 30. Rxe8 Kxe8 31. Kg2 c5 32. h4 Kd7 33. h5 Bh7
34. f4 Kc6 35. g5 fxg5 36. fxg5 d4 37. g6 Bg8 38. h6 dxc3 39. h7 Bxh7 40. gxh7
c2 41. h8=Q c1=Q 42. Qc8+ Kd5 43. Qg8+ Kd4 44. Qg7+ Kc4 45. Qf7+ d5 46. Qe6
Qxa3 47. Qe2+ Kb4 48. Qg4+ d4 49. Qc8 Qa5 50. Qb7+ Qb5 51. Qe4 Kc3 52. Qf3+ d3
53. Qf6+ Kb3 54. Qf3 c4 0-1

[Event "FICS rated blitz game"]
[Site "FICS freechess.org"]
[Date "2018.01.09"]
[Round "?"]
[White "BiH"]
[Black "frac"]
[Result "1/2-1/2"]
[WhiteElo "1636"]
[BlackElo "1646"]
[PlyCount "65"]
[EventDate "2018.??.??"]
[EventType "blitz"]

1. e4 e5 2. Nf3 Nc6 3. c3 d5 4. Qa4 dxe4 5. Nxe5 Nf6 6. Bb5 Bd7 7. Nxc6 bxc6 8.
Bxc6 Rb8 9. O-O Bc5 10. d4 Bb6 11. Bg5 O-O 12. Nd2 Bxc6 13. Qxc6 Qd5 14. Qxd5
Nxd5 15. Nxe4 h6 16. Bd2 f5 17. Ng3 f4 18. Ne4 f3 19. g3 Rfe8 20. Rfe1 Re7 21.
c4 Rbe8 22. cxd5 Rxe4 23. Kf1 Bxd4 24. Bc3 Bxc3 25. bxc3 Re2 26. c4 R8e4 27.
Rxe2 Rxe2 28. a4 Rc2 29. Ke1 Re2+ 30. Kf1 Rc2 31. Ke1 Re2+ 32. Kf1 Rc2 33. Ke1
1/2-1/2

[Event "FICS rated blitz game"]
[Site "FICS freechess.org"]
[Date "2018.01.09"]
[Round "?"]
[White "sasfro"]
[Black "prnaik"]
[Result "0-1"]
[WhiteElo "1226"]
[BlackElo "1324"]
[PlyCount "40"]
[EventDate "2018.??.??"]
[EventType "blitz"]

1. e4 e5 2. Nf3 Nc6 3. c3 Nf6 4. d4 exd4 5. e5 Qe7 6. cxd4 d6 7. Bf4 dxe5 8.
dxe5 Nh5 9. Bg5 f6 10. Bh4 Nxe5 11. Nxe5 Qxe5+ 12. Qe2 Qxe2+ 13. Bxe2 Nf4 14.
Bf3 Nd3+ 15. Kd2 Nxb2 16. Re1+ Kf7 17. Bd5+ Kg6 18. Re8 Bb4+ 19. Kc2 Bf5+ 20.
Kxb2 Rhxe8 {White resigns} 0-1

[Event "FICS rated standard game"]
[Site "FICS freechess.org"]
[Date "2018.01.09"]
[Round "?"]
[White "Leopoldt"]
[Black "GentlemanJoe"]
[Result "0-1"]
[WhiteElo "1726"]
[BlackElo "1747"]
[PlyCount "72"]
[EventDate "2018.??.??"]

1. e4 e5 2. Nf3 Nc6 3. c3 Nf6 4. d3 Be7 5. Be2 d6 6. h3 O-O 7. Nh2 Be6 8. Ng4
Qc8 9. Nxf6+ Bxf6 10. Bg4 Ne7 11. Be3 c5 12. Qf3 Ng6 13. Bxe6 Qxe6 14. Nd2 b5
15. O-O a5 16. Qg4 Qxg4 17. hxg4 h6 18. f4 b4 19. g5 hxg5 20. fxg5 Be7 21. Rf2
Nf4 22. Bxf4 exf4 23. Rxf4 Bxg5 24. Raf1 Bxf4 25. Rxf4 bxc3 26. bxc3 Rab8 27.
Nb3 a4 28. Nd2 Rb2 29. Rf2 Rxa2 30. Nc4 Rxf2 31. Kxf2 Ra8 32. Na3 Rb8 33. Ke3
Rb3 34. Nc4 Rxc3 35. Nxd6 a3 36. Nc4 a2 {White resigns} 0-1

[Event "FICS rated standard game"]
[Site "FICS freechess.org"]
[Date "2018.01.09"]
[Round "?"]
[White "PickleRick"]
[Black "nicolaimanusb"]
[Result "1/2-1/2"]
[WhiteElo "1666"]
[BlackElo "1554"]
[PlyCount "102"]
[EventDate "2018.??.??"]

1. e4 e5 2. Nf3 Nc6 3. c3 Bc5 4. d3 h6 5. b4 Bb6 6. b5 Nce7 7. Nxe5 d6 8. Nc4
Nf6 9. Nxb6 axb6 10. a4 O-O 11. h3 c6 12. bxc6 bxc6 13. g4 Re8 14. g5 Nfd5 15.
exd5 Nxd5+ 16. Be2 hxg5 17. c4 Nf4 18. Bxf4 gxf4 19. Kd2 b5 20. Bf3 bxc4 21.
dxc4 Qf6 22. Bxc6 Qxa1 23. Bxa8 Qd4+ 24. Kc1 Qxc4+ 25. Qc2 Qxc2+ 26. Kxc2 Bf5+
27. Kc3 Rxa8 28. Nd2 Rxa4 29. Nc4 Be4 30. Re1 d5 31. Nb6 Ra3+ 32. Kd4 Rxh3 33.
Nxd5 Bxd5 34. Kxd5 g5 35. Ke5 Kg7 36. Kf5 f6 37. Re7+ Kf8 38. Kxf6 Rh6+ 39.
Kxg5 Kxe7 40. Kxh6 Ke6 41. Kg5 Ke5 42. Kg4 Ke4 43. f3+ Ke3 44. Kh3 Kxf3 45. Kh2
Kf2 46. Kh1 f3 47. Kh2 Kf1 48. Kh1 f2 49. Kh2 Ke1 50. Kh1 f1=Q+ 51. Kh2 Kf2
1/2-1/2

[Event "FICS rated blitz game"]
[Site "FICS freechess.org"]
[Date "2018.01.09"]
[Round "?"]
[White "fabiuscu"]
[Black "ramparashar"]
[Result "0-1"]
[WhiteElo "1107"]
[BlackElo "1606"]
[PlyCount "86"]
[EventDate "2018.??.??"]
[EventType "blitz"]

1. e4 e5 2. Nf3 Nc6 3. c3 Nf6 4. d4 Nxe4 5. d5 Nb8 6. Bd3 Nc5 7. b4 Nxd3+ 8.
Qxd3 d6 9. c4 Bg4 10. h3 Bh5 11. a4 Bg6 12. Qd2 f5 13. h4 e4 14. Nd4 Be7 15.
Nc3 Bf6 16. Nce2 Qe7 17. Qe3 Nd7 18. a5 Ne5 19. Ne6 Nxc4 20. Qb3 Ne5 21. N2f4
Nd3+ 22. Kf1 Nxf4 23. Ra2 Bf7 24. g3 Nxe6 25. dxe6 Bxe6 26. Qa4+ Kf7 27. Re2
Bc4 28. Kg2 Bxe2 29. Qa2+ Qe6 30. Qxe2 Rhe8 31. Be3 h6 32. h5 d5 33. b5 d4 34.
Bc1 d3 35. Qe3 Bg5 36. Qd4 Bxc1 37. Rxc1 Red8 38. Rxc7+ Kg8 39. Rxb7 Rxd4 40.
b6 axb6 41. Rxb6 Qxb6 42. axb6 d2 43. b7 Rb8 {White resigns} 0-1

[Event "FICS rated blitz game"]
[Site "FICS freechess.org"]
[Date "2018.01.09"]
[Round "?"]
[White "Jephtah"]
[Black "samotnik"]
[Result "0-1"]
[WhiteElo "1477"]
[BlackElo "1710"]
[PlyCount "72"]
[EventDate "2018.??.??"]
[EventType "blitz"]

1. e4 e5 2. Nf3 Nc6 3. c3 d5 4. Bb5 dxe4 5. Nxe5 Bd7 6. Nxd7 Qxd7 7. Qa4 a6 8.
Qxe4+ Be7 9. Bxc6 bxc6 10. d4 Nf6 11. Qe2 O-O 12. O-O Rfe8 13. Bg5 Bd6 14. Qf3
Ng4 15. Bf4 Bxf4 16. Qxf4 h5 17. Nd2 Re2 18. Rae1 Rae8 19. Rxe2 Rxe2 20. f3 Ne3
21. Rf2 Re1+ 22. Nf1 Nxf1 23. Rxf1 Re2 24. Rf2 Qe7 25. h3 Re1+ 26. Kh2 Rb1 27.
a3 g6 28. Qe4 Qd6+ 29. g3 Qd7 30. Re2 Kh7 31. Qe7 Qf5 32. f4 Rc1 33. Qxc7 Rf1
34. Qe5 Qb1 35. Qe3 Rh1+ 36. Kg2 Qf1# {White checkmated} 0-1

[Event "FICS rated blitz game"]
[Site "FICS freechess.org"]
[Date "2018.01.09"]
[Round "?"]
[White "jezebelben"]
[Black "LouHoltz"]
[Result "0-1"]
[WhiteElo "1455"]
[BlackElo "1743"]
[PlyCount "54"]
[EventDate "2018.??.??"]
[EventType "blitz"]

1. e4 e5 2. Nf3 Nc6 3. c3 Nf6 4. d4 Nxe4 5. d5 Nb8 6. Be2 Nf6 7. O-O d6 8. h3
Be7 9. Nh2 O-O 10. Ng4 Nbd7 11. Bg5 Nxd5 12. Bxe7 Nxe7 13. Nd2 f5 14. Nh2 Nf6
15. Ndf3 Kh8 16. Qc2 Ng6 17. Rad1 Qe8 18. Ne1 Nf4 19. Bf3 Qg6 20. a3 Nxh3+ 21.
Kh1 Ng5 22. b4 Qh6 23. Kg1 Ng4 24. Nxg4 fxg4 25. Bxg4 Bxg4 26. Nd3 Nf3+ 27.
gxf3 Bxf3 {White resigns} 0-1

[Event "FICS rated blitz game"]
[Site "FICS freechess.org"]
[Date "2018.01.09"]
[Round "?"]
[White "Benkh"]
[Black "suejane"]
[Result "0-1"]
[WhiteElo "933"]
[BlackElo "1010"]
[PlyCount "108"]
[EventDate "2018.??.??"]
[EventType "blitz"]

1. e4 e5 2. Nf3 Nc6 3. c3 Nf6 4. d3 d5 5. Nbd2 Bg4 6. Be2 d4 7. c4 Bb4 8. O-O
Bxd2 9. Bxd2 Bxf3 10. Bxf3 O-O 11. g3 Qe7 12. a3 a6 13. b4 b5 14. Qc2 bxc4 15.
Qxc4 Na7 16. Qxa6 c6 17. Qc4 Rac8 18. Bc1 Nb5 19. Bb2 Nd6 20. Qc1 Nb5 21. Bg2
c5 22. Qd2 c4 23. Rac1 c3 24. Qe2 cxb2 25. Qxb2 Nc3 26. Bf3 Qe6 27. Ra1 Ng4 28.
h3 Nf6 29. Bg4 Nxg4 30. f3 Ne3 31. g4 Nxf1 32. Kxf1 Qf6 33. Kg2 h5 34. Qf2 hxg4
35. fxg4 Qxf2+ 36. Kxf2 g5 37. Kg3 Ne2+ 38. Kf2 Nf4 39. Kg3 Nxd3 40. b5 Rb8 41.
a4 Nc5 42. Kf2 Nxe4+ 43. Ke2 Nc3+ 44. Kd3 Nxb5 45. axb5 Rxb5 46. Ke4 f6 47. Rd1
Kg7 48. Rd3 Kg6 49. Kf3 Rb1 50. Rd2 Rf1+ 51. Rf2 Rxf2+ 52. Kxf2 Ra8 53. Kf3 Rd8
54. Ke4 d3 {White resigns} 0-1

[Event "FICS rated blitz game"]
[Site "FICS freechess.org"]
[Date "2018.01.09"]
[Round "?"]
[White "windbumwino"]
[Black "pcshp"]
[Result "1-0"]
[WhiteElo "1513"]
[BlackElo "1301"]
[PlyCount "65"]
[EventDate "2018.??.??"]
[EventType "blitz"]

1. e4 e5 2. c3 Nc6 3. Nf3 Bc5 4. d4 exd4 5. cxd4 Bb6 6. d5 Nb8 7. Nc3 d6 8.
Qa4+ Nd7 9. Bb5 a6 10. e5 axb5 11. Qxa8 Nxe5 12. Nxe5 dxe5 13. Qa3 Ne7 14. Qb3
O-O 15. Qxb5 Bd4 16. O-O f5 17. Qd3 Bxc3 18. Qxc3 f4 19. Bd2 Nf5 20. Qxe5 f3
21. Bc3 Rf7 22. gxf3 Qg5+ 23. Kh1 Qd8 24. Rg1 b6 25. Rad1 Bb7 26. a3 h6 27. h4
Qxh4+ 28. Qh2 Qxf2 29. Qxf2 Ne7 30. Rde1 Nxd5 31. Re8+ Kh7 32. Qc2+ g6 33.
Qxg6# {Black checkmated} 1-0

[Event "FICS rated blitz game"]
[Site "FICS freechess.org"]
[Date "2018.01.09"]
[Round "?"]
[White "awitaliy"]
[Black "JunnuK"]
[Result "1-0"]
[WhiteElo "1395"]
[BlackElo "1508"]
[PlyCount "91"]
[EventDate "2018.??.??"]
[EventType "blitz"]

1. e4 e5 2. Nf3 Nc6 3. c3 Bc5 4. Bd3 d6 5. h3 Nge7 6. Bc2 f5 7. exf5 Bxf5 8.
Bxf5 Nxf5 9. O-O O-O 10. d4 e4 11. Nh2 Bb6 12. Ng4 h5 13. Nh2 g6 14. Nd2 d5 15.
Nb3 Nce7 16. Nc5 Bxc5 17. dxc5 c6 18. Qd2 Ng7 19. Qg5 Nef5 20. Qxg6 Qf6 21.
Qxf6 Rxf6 22. Be3 Raf8 23. Bd4 R6f7 24. a4 Ne6 25. Be5 e3 26. fxe3 Nxe3 27.
Rxf7 Rxf7 28. Bd4 Nxd4 29. cxd4 Rf4 30. Nf3 Nc2 31. Rd1 a5 32. b3 Ne3 33. Re1
Nc2 34. Re8+ Kf7 35. Rc8 Nxd4 36. Rc7+ Kf6 37. Nxd4 Rxd4 38. Rxb7 Rd3 39. Rb6
d4 40. Rxc6+ Ke5 41. Rc8 Rxb3 42. c6 Rc3 43. c7 Ke4 44. Re8+ Kd3 45. c8=Q Rxc8
46. Rxc8 {Black resigns} 1-0

[Event "FICS rated blitz game"]
[Site "FICS freechess.org"]
[Date "2018.01.09"]
[Round "?"]
[White "trajamohan"]
[Black "YRS"]
[Result "0-1"]
[WhiteElo "1419"]
[BlackElo "1467"]
[PlyCount "22"]
[EventDate "2018.??.??"]
[EventType "blitz"]

1. e4 e5 2. Nf3 Nc6 3. c3 Nf6 4. Bc4 Be7 5. Qb3 O-O 6. O-O h6 7. d4 d6 8. Nh4
Na5 9. Qa4 Nxc4 10. Qxc4 Nxe4 11. dxe5 d5 {White resigns} 0-1

[Event "FICS rated blitz game"]
[Site "FICS freechess.org"]
[Date "2018.01.09"]
[Round "?"]
[White "jezebelben"]
[Black "paperfold"]
[Result "0-1"]
[WhiteElo "1442"]
[BlackElo "1317"]
[PlyCount "40"]
[EventDate "2018.??.??"]
[EventType "blitz"]

1. e4 e5 2. Nf3 Nc6 3. c3 d5 4. d4 exd4 5. exd5 Qxd5 6. cxd4 Bg4 7. Be2 Bb4+ 8.
Nc3 Bxc3+ 9. bxc3 Nf6 10. O-O O-O 11. c4 Qh5 12. d5 Ne5 13. h3 Nxf3+ 14. Bxf3
Bxf3 15. gxf3 Qxh3 16. Bf4 Nh5 17. Bh2 Rfe8 18. Qd4 Qxf3 19. Be5 f6 20. Bh2 Re4
{White resigns} 0-1

[Event "FICS rated blitz game"]
[Site "FICS freechess.org"]
[Date "2018.01.09"]
[Round "?"]
[White "BiH"]
[Black "Forta"]
[Result "0-1"]
[WhiteElo "1667"]
[BlackElo "1620"]
[PlyCount "70"]
[EventDate "2018.??.??"]
[EventType "blitz"]

1. e4 e5 2. Nf3 Nc6 3. c3 Nf6 4. d4 Nxe4 5. d5 Nb8 6. Nxe5 Qf6 7. Nf3 Bc5 8.
Be3 Bxe3 9. fxe3 O-O 10. Bd3 Nc5 11. Bc2 d6 12. O-O Bg4 13. b4 Ncd7 14. Qd3 Qg6
15. e4 Bxf3 16. Qxf3 Ne5 17. Qf4 f6 18. Nd2 Nbd7 19. Rae1 Qg4 20. h3 Qxf4 21.
Rxf4 Rae8 22. c4 a6 23. a4 Ra8 24. a5 b6 25. Ra1 Rfb8 26. axb6 cxb6 27. b5 a5
28. Kf2 Rc8 29. Nb3 Rxc4 30. Ra2 Rac8 31. Na1 g5 32. Rf5 Kg7 33. Ke3 Rc3+ 34.
Kd2 Rg3 35. Rf2 Rcc3 0-1

[Event "FICS rated blitz game"]
[Site "FICS freechess.org"]
[Date "2018.01.09"]
[Round "?"]
[White "BiH"]
[Black "frac"]
[Result "1-0"]
[WhiteElo "1628"]
[BlackElo "1654"]
[PlyCount "61"]
[EventDate "2018.??.??"]
[EventType "blitz"]

1. e4 e5 2. Nf3 Nc6 3. c3 d5 4. Qa4 f6 5. Bb5 Nge7 6. exd5 Qxd5 7. O-O e4 8.
Nd4 Bd7 9. d3 Nxd4 10. Bxd7+ Qxd7 11. Qxd7+ Kxd7 12. cxd4 exd3 13. Rd1 Nf5 14.
Rxd3 Rd8 15. Nc3 Bb4 16. Nd5 Bd6 17. Ne3 Rhe8 18. g4 Nh4 19. Kf1 Bxh2 20. Bd2
Bd6 21. Nc4 Kc8 22. Rh3 g5 23. Rb3 Be7 24. Rd3 b6 25. a3 f5 26. gxf5 Nxf5 27.
Ne5 Nxd4 28. Be3 c5 29. Rc1 h6 30. Bxd4 Bf6 31. Nc6 1-0

[Event "FICS rated blitz game"]
[Site "FICS freechess.org"]
[Date "2018.01.09"]
[Round "?"]
[White "GriffySr"]
[Black "foxbat"]
[Result "1-0"]
[WhiteElo "1990"]
[BlackElo "1838"]
[PlyCount "53"]
[EventDate "2018.??.??"]
[EventType "blitz"]

1. e4 e5 2. Nf3 Nc6 3. c3 d5 4. Qa4 Bd7 5. exd5 Nd4 6. Qd1 Nxf3+ 7. Qxf3 Nf6 8.
Bc4 Bg4 9. Qg3 Bd6 10. Bb5+ Ke7 11. O-O a6 12. Bd3 Re8 13. Qh4 h6 14. h3 Bd7
15. Na3 Kf8 16. c4 Kg8 17. Re1 c6 18. dxc6 Bxc6 19. Bf5 Qc7 20. d3 Rad8 21.
Bxh6 gxh6 22. Qxf6 Qe7 23. Qxh6 f6 24. Re3 e4 25. Bxe4 Bxe4 26. Rxe4 Qg7 27.
Rg4 {Black resigns} 1-0

[Event "FICS rated blitz game"]
[Site "FICS freechess.org"]
[Date "2018.01.09"]
[Round "?"]
[White "mohdriaz"]
[Black "egyik"]
[Result "0-1"]
[WhiteElo "1271"]
[BlackElo "1377"]
[PlyCount "75"]
[EventDate "2018.??.??"]
[EventType "blitz"]

1. e4 e5 2. Nf3 Nc6 3. c3 d6 4. Bc4 Bg4 5. Bxf7+ Kxf7 6. d4 Bxf3 7. Qxf3+ Qf6
8. Qh3 Rd8 9. d5 Nce7 10. Bg5 Qg6 11. f4 Qxe4+ 12. Kf2 Qf5 13. g4 Qc2+ 14. Kg3
Qd3+ 15. Kg2 Qxh3+ 16. Kxh3 Nf6 17. c4 h6 18. Bh4 g5 19. Bf2 exf4 20. Nd2 Bg7
21. Rab1 Rde8 22. Nf3 Ng6 23. Nd4 Ne4 24. Bg1 Bxd4 25. Bxd4 Rhg8 26. b3 b6 27.
Rhf1 Nd2 28. Rbd1 Nxf1 29. Rxf1 Re4 30. Bg1 Rge8 31. Rf2 Re2 32. Kg2 Rxf2+ 33.
Bxf2 Re2 34. a4 Ne5 35. h3 Nd3 36. Kf1 Rxf2+ 37. Kg1 Rb2 38. Kf1 {White resigns
} 0-1

[Event "FICS rated blitz game"]
[Site "FICS freechess.org"]
[Date "2018.01.09"]
[Round "?"]
[White "oralegre"]
[Black "pdoe"]
[Result "1-0"]
[WhiteElo "1334"]
[BlackElo "1410"]
[PlyCount "31"]
[EventDate "2018.??.??"]
[EventType "blitz"]

1. e4 e5 2. Nf3 Nc6 3. c3 Bc5 4. d4 exd4 5. cxd4 Bb4+ 6. Bd2 Qe7 7. Nc3 Bxc3 8.
Bxc3 Qxe4+ 9. Be2 Nf6 10. O-O d5 11. Re1 Be6 12. Bb5 Qg4 13. h3 Qh5 14. Bxc6+
bxc6 15. Ne5 Ne4 16. Qxh5 {Black resigns} 1-0

[Event "FICS rated blitz game"]
[Site "FICS freechess.org"]
[Date "2018.01.09"]
[Round "?"]
[White "morts"]
[Black "mygameisthebest"]
[Result "0-1"]
[WhiteElo "1198"]
[BlackElo "1148"]
[PlyCount "132"]
[EventDate "2018.??.??"]
[EventType "blitz"]

1. e4 e5 2. Nf3 Nc6 3. c3 Nf6 4. d3 Bc5 5. g3 d6 6. Bg2 Bd7 7. O-O a6 8. Nbd2
Qc8 9. b4 Bb6 10. a4 Bh3 11. a5 Ba7 12. Ng5 Bxg2 13. Kxg2 O-O 14. Ngf3 Ne7 15.
d4 exd4 16. cxd4 Ng6 17. e5 dxe5 18. dxe5 Nd5 19. Nc4 Re8 20. Qxd5 c6 21. Qe4
Qe6 22. Nd6 Qxd6 23. Bb2 Bb8 24. Rad1 Qe6 25. Ng5 Qe7 26. e6 fxe6 27. Bc1 h6
28. Qxg6 hxg5 29. Bxg5 Qxb4 30. Bd2 Qf8 31. Bc3 Bc7 32. Rd7 Re7 33. Rxe7 Qxe7
34. Rd1 Rd8 35. Re1 Qf7 36. Qg5 Rd5 37. Qg4 Rf5 38. Rf1 Rc5 39. Bd4 Rxa5 40.
Rd1 Ra4 41. Qe2 Rb4 42. Qd2 Qe7 43. Qc2 e5 44. Bc5 Qe6 45. Bxb4 b6 46. Qe4 c5
47. Bd2 b5 48. Qa8+ Kh7 49. Qe4+ Kg8 50. Be3 c4 51. Ra1 b4 52. Qb7 Qd6 53. Rxa6
Qd3 54. Qc8+ Kh7 55. Qxc7 c3 56. Rd6 Qe4+ 57. Kg1 c2 58. Rc6 b3 59. Rc4 Qd3 60.
Rc3 Qd1+ 61. Kg2 b2 62. Rxc2 b1=Q 63. Rc1 Qd5+ 64. Kh3 Qf5+ 65. g4 Qdf3+ 66.
Kh4 Q5xg4# {White checkmated} 0-1

[Event "FICS rated blitz game"]
[Site "FICS freechess.org"]
[Date "2018.01.09"]
[Round "?"]
[White "jezebelben"]
[Black "Josemarine"]
[Result "1-0"]
[WhiteElo "1417"]
[BlackElo "1401"]
[PlyCount "73"]
[EventDate "2018.??.??"]
[EventType "blitz"]

1. e4 e5 2. Nf3 Nc6 3. c3 Nf6 4. d4 exd4 5. cxd4 Nxe4 6. d5 Bb4+ 7. Bd2 Nxd2 8.
Nbxd2 Bxd2+ 9. Qxd2 Ne7 10. Be2 O-O 11. O-O d6 12. h3 Bf5 13. Rac1 Qd7 14. Nh2
Bg6 15. f4 Nf5 16. Bg4 c6 17. Kh1 cxd5 18. Qxd5 Ng3+ 19. Kg1 Qe6 20. Bxe6 fxe6
21. Qxe6+ Bf7 22. Qg4 Nxf1 23. Rxf1 Bxa2 24. f5 Rf6 25. Nf3 Raf8 26. Nd4 Bc4
27. Rf2 Bd3 28. h4 g6 29. h5 Bxf5 30. Nxf5 Rxf5 31. Rxf5 Rxf5 32. hxg6 Rf8 33.
gxh7+ Kh8 34. Qg6 d5 35. Qd3 d4 36. Qxd4+ Kxh7 37. Qxa7 {Black resigns} 1-0

[Event "FICS rated blitz game"]
[Site "FICS freechess.org"]
[Date "2018.01.09"]
[Round "?"]
[White "jezebelben"]
[Black "AntKa"]
[Result "1-0"]
[WhiteElo "1436"]
[BlackElo "1400"]
[PlyCount "155"]
[EventDate "2018.??.??"]
[EventType "blitz"]

1. e4 e5 2. Nf3 Nc6 3. c3 d6 4. d4 Bg4 5. d5 Nce7 6. Be2 f5 7. Nbd2 Nf6 8. O-O
fxe4 9. Nxe4 Nxe4 10. Qa4+ c6 11. Qxe4 Bf5 12. Qa4 b5 13. Qd1 cxd5 14. Bxb5+
Kf7 15. Ng5+ Kg8 16. c4 h6 17. Nf3 d4 18. c5 Ng6 19. Bc4+ Kh7 20. b4 dxc5 21.
bxc5 Bxc5 22. Bf7 Qf6 23. Bxg6+ Bxg6 24. h3 Rhe8 25. Nh2 e4 26. Ng4 Qf5 27. Bb2
Rab8 28. Bxd4 Rbd8 29. Qb3 Bxd4 30. Rad1 h5 31. Ne3 Bxe3 32. fxe3 Rxd1 33. Qxd1
Qg5 34. Qd4 Rd8 35. Qxa7 Rd2 36. Rf2 Rxf2 37. Kxf2 Qb5 38. a4 Qb2+ 39. Kf1 Be8
40. a5 Bb5+ 41. Kg1 Qa1+ 42. Kh2 Qe5+ 43. Kg1 Qg3 44. Qb6 Qe1+ 45. Kh2 Qe2 46.
Qa7 Kh6 47. Qc5 Qf1 48. Qb6+ Kh7 49. Qc5 Kg6 50. Qd4 Qc4 51. Qd6+ Kh7 52. Qb6
Qc6 53. Qd4 Bd3 54. Qe5 Qf6 55. Qxh5+ Kg8 56. Qd5+ Qf7 57. Qd8+ Qf8 58. Qb6 Qe8
59. a6 Qe5+ 60. Kg1 Qa1+ 61. Kh2 Qxa6 62. Qd8+ Kf7 63. Qd7+ Kf6 64. Qd8+ Ke6
65. Qg8+ Kf6 66. Qf8+ Kg6 67. Qe8+ Kh7 68. Qh5+ Kg8 69. Qd5+ Kf8 70. Qf5+ Ke7
71. Qg5+ Qf6 72. Qc5+ Kf7 73. Qd5+ Kg6 74. Qc5 Qf5 75. Qd6+ Kg5 76. Qg3+ Kh6
77. Qd6+ Kh5 78. g4+ {Black resigns} 1-0

[Event "FICS rated blitz game"]
[Site "FICS freechess.org"]
[Date "2018.01.09"]
[Round "?"]
[White "lopencjo"]
[Black "xadrezrs"]
[Result "0-1"]
[WhiteElo "1855"]
[BlackElo "1755"]
[PlyCount "100"]
[EventDate "2018.??.??"]
[EventType "blitz"]

1. e4 e5 2. Nf3 Nc6 3. c3 Nf6 4. d4 exd4 5. e5 Ne4 6. cxd4 d5 7. Nc3 Bb4 8. Qc2
Bf5 9. Bd3 Bg6 10. O-O Bxc3 11. bxc3 O-O 12. Nd2 Nxd2 13. Bxd2 Bxd3 14. Qxd3
Qe7 15. f4 Nd8 16. f5 c5 17. f6 gxf6 18. exf6 Qe4 19. Qxe4 dxe4 20. Bh6 Re8 21.
Rf4 Ne6 22. Rg4+ Kh8 23. d5 Nf8 24. Bg7+ Kg8 25. Re1 e3 26. Rg3 e2 27. Kf2 Ng6
28. Bh6 Re5 29. c4 Rae8 30. Re3 Rxe3 31. Bxe3 Ne5 32. Bxc5 Ng4+ 33. Kg3 Nxf6
34. Bd4 Kg7 35. Kf2 Kg6 36. Bxf6 Kxf6 37. Rxe2 Rc8 38. Rc2 Ke5 39. Ke3 f5 40.
g3 h5 41. Kd3 b6 42. a4 h4 43. Re2+ Kd6 44. Re6+ Kc5 45. gxh4 Kb4 46. d6 Rd8
47. Kd4 Kxa4 48. Kd5 Kb4 49. Kc6 a5 50. Kc7 Rh8 0-1

[Event "FICS rated blitz game"]
[Site "FICS freechess.org"]
[Date "2018.01.09"]
[Round "?"]
[White "Flyinghooves"]
[Black "redgareth"]
[Result "1-0"]
[WhiteElo "1118"]
[BlackElo "1402"]
[PlyCount "35"]
[EventDate "2018.??.??"]
[EventType "blitz"]

1. e4 e5 2. Nf3 Nc6 3. c3 Nf6 4. Bc4 Bc5 5. Qb3 O-O 6. O-O Nxe4 7. d4 exd4 8.
Re1 Re8 9. Bxf7+ Kf8 10. Bxe8 Qxe8 11. cxd4 Nxd4 12. Nxd4 Bxd4 13. Qf3+ Kg8 14.
Rxe4 Qg6 15. Nc3 c5 16. Nd5 Qd6 17. Re8+ Qf8 18. Rxf8# {Black checkmated} 1-0

[Event "FICS rated standard game"]
[Site "FICS freechess.org"]
[Date "2018.01.09"]
[Round "?"]
[White "proximab"]
[Black "rickiUTN"]
[Result "1-0"]
[WhiteElo "1928"]
[BlackElo "1720"]
[PlyCount "35"]
[EventDate "2018.??.??"]

1. e4 e5 2. Nf3 Nc6 3. c3 Nf6 4. d4 exd4 5. e5 Nd5 6. cxd4 Bb4+ 7. Bd2 Bxd2+ 8.
Qxd2 O-O 9. Bc4 Nb6 10. Bb5 a6 11. Bxc6 bxc6 12. O-O d6 13. Qc2 Bb7 14. Nc3 Re8
15. h3 c5 16. dxc5 dxc5 17. Ne4 Rxe5 18. Nxe5 1-0

[Event "FICS rated blitz game"]
[Site "FICS freechess.org"]
[Date "2018.01.09"]
[Round "?"]
[White "BiH"]
[Black "VPolevikov"]
[Result "1-0"]
[WhiteElo "1626"]
[BlackElo "1706"]
[PlyCount "57"]
[EventDate "2018.??.??"]
[EventType "blitz"]

1. e4 e5 2. Nf3 Nc6 3. c3 g6 4. d4 exd4 5. cxd4 Bg7 6. Nc3 Nge7 7. h3 O-O 8.
Be3 h6 9. Qd2 Kh7 10. a3 f5 11. e5 d5 12. Bd3 a6 13. b4 Be6 14. Rc1 b5 15. Ne2
Qd7 16. Nf4 g5 17. Nxe6 Qxe6 18. Bxg5 Ng6 19. O-O Rac8 20. h4 h5 21. Be3 f4 22.
Ng5+ Kg8 23. Nxe6 fxe3 24. fxe3 Nxh4 25. Nxf8 Bxf8 26. Rxc6 Be7 27. Qe2 Bg5 28.
Qxh5 Bxe3+ 29. Kh1 {Black resigns} 1-0